War without end : Israelis, Palestinians, and the struggle for a promised land /

محفوظ في:

المؤلف الرئيسي: La Guardia, Anton (مؤلف)

مؤلفون آخرون: La Guardia, Anton. Holy Land, unholy war.

التنسيق: كتاب

اللغة: English

منشور في: New York : Thomas Dunne Books, 2002, c2001.

الطبعة: 1st U.S. ed.

الموضوعات:

الوسوم: إضافة وسم

لا توجد وسوم, كن أول من يضع وسما على هذه التسجيلة!

رقم الطلب: DS119.7 .L24 2002

LEADER 01447namaa2200313 4500
001 22752
003 OSt
005 20250507110745.0
008 020521r20022001nyu eng d
010 |a 2003041288 
020 |a 0312276699  
040 |c ARCE Library 
043 |a awgz---  |a awba---  |a a-is---  |a aw----- 
050 4 |a DS119.7 .L24 2002 
100 1 |a La Guardia, Anton,  |e author 
245 1 0 |a War without end :   |b Israelis, Palestinians, and the struggle for a promised land /   |c Anton La Guardia. 
250 |a 1st U.S. ed. 
264 1 |a New York :   |b Thomas Dunne Books,   |c 2002, c2001. 
300 |a xx, 408 p. ;   |c 25 cm. 
500 |a Updated edition of : Holy Land, unholy war : Israelis and Palestinians. Great Britain : John Murray, 2001. 
504 |a Includes bibliographical references and index. 
505 0 |a •Illustrations •Preface •Foreword to American Edition •Maps •1.. A Small Country with a Big History •2.. One God, Many Religions •3.. Every Man Under His Vine •4.. The Hundred Years War •5.. Victims of Victims •6.. The Tribes of Israel •7.. The Curse of Peace •8.. Among the Nations •Epilogue •Chronology •Bibliography •Index 
650 0 |a Arab-Israeli conflict  |y 1993-  |x Influence. 
650 0 |a Arab-Israeli conflict. 
650 0 |a National characteristics, Israeli. 
700 1 |a La Guardia, Anton. Holy Land, unholy war. 
901 |a reviewed 
942 |c BK  |2 lcc 
999 |c 22503  |d 22503